00616 2200277 4500001002100000008004100021035002000062245003300082100002000115250000600135260003000141300001200171084001400183082000800197650001300205990001200218990001200230990001200242990001200254990001200266990001200278990001200290990001200302990001200314990001200326INLIS000000000000688 ind  a0010-0424000664 aKombinatorikcWono Setyabudi aSetyabudi, Wono a1 aJakarta :bErlanggac2014 a136 hlm a510 WON k a510 aNonfiksi a0721832 a0721833 a0721834 a0721835 a0721836 a0721837 a0721838 a0721839 a0721840 a0721841